000 01763 a2200229 4500
001 28909
005 20260407155557.0
008 260407a1999 arg spa d
003 AR-UNSa-BCEJYS
040 _aAR-UNSa-BCEJYS
_bspa
_cAR-UNSa-BCEJYS
080 _a347.627.2
_xDivorcio
245 1 0 _aSeparación personal y divorcio
020 _a950-20-1227-5
264 1 _aBuenos Aires :
_bAbeledo Perrot
_c1999
300 _a2 v.
_c23 cm.
505 _aVol I: 1. Nociones generales - 2. Valoración del divorcio - 3. Separación personal y divorcio - 4. De la separación personal - 5. Causas de separación personal, que no tienen que ver con la culpa - 6. Efectos de la separación personal - 7. Efectos patrimoniales - 8. Efectos patrimoniales(continuación) - 9. Efectos patrimoniales(continuación) -- Vol II: 10. Efectos respecto de los hijos - 11. De la disolución del vínculo patrimonial - 12. Del divorcio - 13. Cuestiones procesales en los juicios de separación personal y de divorcio - 14. Cuestiones conexas a la acción de separación o de divorcio, que pueden ser resueltas al comienzo del juicio - 15. El procedimiento contencioso en los juicios de separación personal y de divorcio - 16. Sobre la presentación conjunta de los cónyuges peticionando el divorcio o la separación personal - 17. Conversión de la sentencia de separación personal en divorcio vincular - 18. Medidas cautelares para asegurar los derechos patrimoniales de los cónyuges - 19. Reconciliación de los conyuges
041 _aspa
942 _cBK
590 _aniveau_biblio:m niveau_hierar:0
100 1 _aSambrizzi, Eduardo A.
856 4 1 _uhttps://biblioeco.unsa.edu.ar/pmb/images/libros/Separaci?n Personal y Divorcio-l119988.jpg
_yImagen de portada
_qimage/jpeg
999 _c1750
_d1750